| 000 | 00492 a2200181 4500 | ||
|---|---|---|---|
| 003 | OSt | ||
| 005 | 20230826160859.0 | ||
| 008 | 230826b |||||||| |||| 00| 0 eng d | ||
| 020 | _a9789390577255 | ||
| 040 | _coclc | ||
| 082 |
_a658.15 _bPAN/F |
||
| 100 |
_aPandey, I M _91137 |
||
| 245 |
_aFINANCIAL MANAGEMENT/ _cI M Pandey |
||
| 250 | _a12th ed. | ||
| 260 |
_aChennai: _bPearson, _c2023. |
||
| 300 | _a1030 p | ||
| 942 |
_2ddc _cBK _h658.15 _iPAN/F _k658.15 _mPAN/F |
||
| 999 |
_c42025 _d42025 |
||